Logistické náklady - plánování a rozpočtování. 5

Zostavenie logistického plánu. Požiadavky pre plánovanie. Vysvetlenie pojmu plán a rozpočet. Zostavovanie plánov a rozpočtov. Úlohy logistického manažmentu pri vypracovávaní podkladov k plánu. Premietnutie logistiky do celopodnikového plánovania. Význam logistiky v riadení.

Saved in:
Bibliographic Details
Main Author: Petrbok, I.
Format: Book Chapter
Language:Czech
Subjects:
Tags: Add Tag
No Tags, Be the first to tag this record!

MARC

LEADER 00000naa a2200000 4500
001 r020981
005 20230922085855.1
041 0 |a cze 
044 |a CZ 
245 1 0 |a Logistické náklady - plánování a rozpočtování. 5  |c I. Petrbok 
520 |a Zostavenie logistického plánu. Požiadavky pre plánovanie. Vysvetlenie pojmu plán a rozpočet. Zostavovanie plánov a rozpočtov. Úlohy logistického manažmentu pri vypracovávaní podkladov k plánu. Premietnutie logistiky do celopodnikového plánovania. Význam logistiky v riadení. 
610 2 0 |a logistika 
610 2 0 |a náklady 
610 2 0 |a plánovanie podnikové 
610 2 0 |a rozpočet podnikový 
610 2 0 |a manažment 
100 1 |a Petrbok, I.